000 00453nas a2200181 i 4500
001 2-00235122
003 PPAK
005 20180729123454.0
008 010828s my a|||| ||||| | may d
040 _aPPAK
_beng
_cPPAK
_erda
245 0 0 _aSaji
264 1 _aKuala Lumpur:
_bUtusan Melayu (Malaysia) Berhad,
336 _2rdacontent
_atext
337 _2rdamedia
_aunmediated
338 _2rdacarrier
_avolume
650 1 0 _aCooking
942 _ddc
_cSR
999 _c168292
_d168292